000 00302nam a22001337a 4500
008 181010b xxu||||| |||| 00| 0 eng d
020 _a9780323065818
041 _aeng
080 _28th
_a610.73
100 _a2
101 _aINF
245 _aMedical-Surgical Nursing
_cLewis,Sh,L
942 _2udc
_cBK
999 _c49299
_d49299